[Event "GRB-ch Universities"]
[Site "Birmingham"]
[Date "2016.02.21"]
[Round "5.2"]
[White "Thompson, Robert"]
[Black "Manole, Stefan"]
[Result "0-1"]
[WhiteElo "1985"]
[BlackElo "2078"]
[PlyCount "92"]
[EventDate "2016.02.20"]
[EventType "team-swiss"]
[EventRounds "5"]
[EventCountry "ENG"]
[SourceTitle "CBM 170 Extra"]
[Source "ChessBase"]
[SourceDate "2016.02.25"]
[SourceVersion "1"]
[SourceVersionDate "2016.02.25"]
[SourceQuality "1"]
[WhiteTeam "Exeter"]
[BlackTeam "UCL"]
[WhiteTeamCountry "ENG"]
[BlackTeamCountry "ENG"]

1. Nf3 d5 2. g3 c6 3. Bg2 Nf6 4. 0-0 Bf5 5. d3 e6 6. Nbd2 Nbd7 7. c4 Be7 8. b3 0-0 9. Bb2 a5 10. a3 Qc7 11. Rc1 Rad8 12. Re1 Bg6 13. Qc2 h6 14. Qb1 Qb8 15. Qa1 Ne8 16. Bc3 Bf6 17. d4 Qa7 18. Qb2 a4 19. b4 Nd6 20. cxd5 cxd5 21. Ne5 Bh7 22. Ndf3 Bxe5 23. Nxe5 Nxe5 24. dxe5 Nc4 25. Qa2 Rc8 26. e3 Rc7 27. Bd4 Qa6 28. Bf1 Rfc8 29. Rc3 b5 30. Rec1 Qb7 31. f3 Rc6 32. Kf2 h5 33. h4 Qb8 34. Be2 Qb7 35. Bf1 Qe7 36. e4 Qd7 37. Bxc4 Rxc4 38. Rxc4 bxc4 39. exd5 Qxd5 40. Qb2 Rd8 41. Ke3 f6 42. exf6 e5 43. Bxe5 Re8 44. f7+ Kxf7 45. Kf4 Kg8 46. Rf1 Qd3 0-1

[Event "GRB-ch Universities"]
[Site "Birmingham"]
[Date "2016.02.20"]
[Round "3.2"]
[White "Thompson, Robert"]
[Black "Bogdan, Horia Daniel"]
[Result "1-0"]
[WhiteElo "1985"]
[BlackElo "1879"]
[PlyCount "59"]
[EventDate "2016.02.20"]
[EventType "team-swiss"]
[EventRounds "5"]
[EventCountry "ENG"]
[SourceTitle "CBM 170 Extra"]
[Source "ChessBase"]
[SourceDate "2016.02.25"]
[SourceVersion "1"]
[SourceVersionDate "2016.02.25"]
[SourceQuality "1"]
[WhiteTeam "Exeter"]
[BlackTeam "Southampton"]
[WhiteTeamCountry "ENG"]
[BlackTeamCountry "ENG"]

1. Nf3 d5 2. g3 Nf6 3. Bg2 c6 4. 0-0 Bg4 5. d3 Nbd7 6. Nbd2 e6 7. h3 Bxf3 8. Nxf3 Bd6 9. Re1 Qc7 10. c4 0-0 11. b3 a5 12. a3 Qb6 13. Be3 Qa6 14. Qd2 Be7 15. Qb2 a4 16. cxd5 Nxd5 17. Bd4 N5f6 18. b4 Rac8 19. Ne5 Nxe5 20. Bxe5 Qb5 21. Rab1 Rfd8 22. Rec1 Bf8 23. Bxf6 gxf6 24. Qxf6 Bg7 25. Qf3 Qd5 26. Rc4 Qxf3 27. Bxf3 Rd4 28. Rc5 h6 29. Ra5 Be5 30. Rxe5 1-0

[Event "Torquay op 49th"]
[Site "Torquay"]
[Date "2015.11.15"]
[Round "4"]
[White "Menadue, Jeremy FS"]
[Black "Thompson, Robert"]
[Result "1/2-1/2"]
[WhiteElo "2021"]
[BlackElo "1985"]
[PlyCount "43"]
[EventDate "2015.11.13"]
[EventType "swiss"]
[EventRounds "5"]
[EventCountry "ENG"]
[SourceTitle "EXT 2022"]
[Source "ChessBase"]
[SourceDate "2021.10.06"]
[SourceVersion "1"]
[SourceVersionDate "2021.10.06"]
[SourceQuality "1"]

1. d4 d6 2. Nf3 Nf6 3. c4 g6 4. Nc3 Bg7 5. g3 0-0 6. Bg2 Nc6 7. 0-0 a6 8. h3 Rb8 9. Be3 Na5 10. Nd2 b5 11. cxb5 axb5 12. b4 Nc4 13. Nxc4 bxc4 14. b5 d5 15. a4 Be6 16. Qd2 Qd7 17. Kh2 c6 18. Rfb1 cxb5 19. axb5 Ne4 20. Nxe4 dxe4 21. Bxe4 Rxb5 22. Ra5 1/2-1/2

[Event "Torquay op 49th"]
[Site "Torquay"]
[Date "2015.11.13"]
[Round "1"]
[White "Thompson, Robert"]
[Black "Andolo, Humphrey"]
[Result "1-0"]
[WhiteElo "1985"]
[BlackElo "2129"]
[PlyCount "87"]
[EventDate "2015.11.13"]
[EventType "swiss"]
[EventRounds "5"]
[EventCountry "ENG"]
[SourceTitle "EXT 2022"]
[Source "ChessBase"]
[SourceDate "2021.10.06"]
[SourceVersion "1"]
[SourceVersionDate "2021.10.06"]
[SourceQuality "1"]

1. Nf3 Nf6 2. c4 e6 3. g3 d5 4. Bg2 Be7 5. 0-0 0-0 6. d4 b6 7. Nc3 Bb7 8. Ne5 Nc6 9. cxd5 exd5 10. Qa4 Nxe5 11. dxe5 Nd7 12. Nxd5 Bc5 13. Nf6+ Nxf6 14. Bxb7 Rb8 15. Bf3 Ne8 16. Rd1 Qe7 17. Qxa7 Rd8 18. Rxd8 Qxd8 19. Qa4 Qd4 20. Qxd4 Bxd4 21. Bf4 Bxb2 22. Rd1 g6 23. Rd7 g5 24. Bxg5 Bxe5 25. Be7 Nf6 26. Bxf6 Bxf6 27. Rxc7 Rd8 28. Bh5 Rf8 29. e3 Kg7 30. f4 Bd8 31. Rd7 Bf6 32. g4 h6 33. e4 Bc3 34. e5 Kg8 35. Kg2 b5 36. Kf3 b4 37. Ke4 Be1 38. Kf5 Bh4 39. Rb7 Be1 40. g5 hxg5 41. fxg5 Bc3 42. Kf6 Rc8 43. Bxf7+ Kf8 44. g6 1-0

[Event "BCF-chT3S 1415 (4NCL)"]
[Site "England"]
[Date "2015.02.15"]
[Round "6.68"]
[White "Bryant, Richard BE"]
[Black "Thompson, Robert"]
[Result "1/2-1/2"]
[WhiteElo "1904"]
[BlackElo "2001"]
[PlyCount "37"]
[EventDate "2014.11.15"]
[EventType "team-swiss"]
[EventRounds "6"]
[EventCountry "ENG"]
[SourceTitle "EXT 2016"]
[Source "ChessBase"]
[SourceDate "2015.10.08"]
[SourceVersion "1"]
[SourceVersionDate "2015.10.08"]
[SourceQuality "1"]
[WhiteTeam "Shropshire"]
[BlackTeam "Downend & Fishponds"]
[WhiteTeamCountry "ENG"]
[BlackTeamCountry "ENG"]

1. e4 d6 2. d4 Nf6 3. Nc3 e5 4. dxe5 dxe5 5. Qxd8+ Kxd8 6. Bc4 Be6 7. Bxe6 fxe6 8. f3 Bd6 9. Be3 Nbd7 10. 0-0-0 Ke7 11. Nge2 a6 12. Kb1 b5 13. Nc1 Bc5 14. Rhe1 h6 15. Nd3 Bd6 16. Bg1 g5 17. Rd2 Nh5 18. Red1 Nf4 19. a3 1/2-1/2

[Event "BCF-chT3 1314 (4NCL)"]
[Site "England"]
[Date "2014.05.03"]
[Round "9.187"]
[White "McEwan, Ken B"]
[Black "Thompson, Robert"]
[Result "0-1"]
[WhiteElo "2092"]
[BlackElo "1963"]
[PlyCount "68"]
[EventDate "2013.11.16"]
[EventType "team-swiss"]
[EventRounds "11"]
[EventCountry "ENG"]
[SourceTitle "EXT 2015"]
[Source "ChessBase"]
[SourceDate "2014.11.20"]
[SourceVersion "1"]
[SourceVersionDate "2014.11.20"]
[SourceQuality "1"]
[WhiteTeam "Broadland"]
[BlackTeam "Bristol University"]
[WhiteTeamCountry "ENG"]
[BlackTeamCountry "ENG"]

1. d4 Nf6 2. Bf4 g6 3. e3 Bg7 4. h4 h6 5. Bd3 d6 6. Nd2 Nbd7 7. Ngf3 c5 8. c3 0-0 9. Qb3 Qb6 10. Qc2 cxd4 11. exd4 e5 12. Bg3 Nh5 13. Nc4 Qc6 14. Bh2 e4 15. Nxd6 exd3 16. Qxd3 Ndf6 17. 0-0-0 Ng4 18. Ne5 Bxe5 19. Bxe5 Nxf2 20. Qd2 Ng4 21. Rhf1 Nxe5 22. dxe5 Kg7 23. Nxf7 Rxf7 24. Rxf7+ Kxf7 25. Qxh6 Bf5 26. Rd6 Qe8 27. Qh7+ Kf8 28. e6 Bxe6 29. g4 Bxg4 30. Qh6+ Ng7 31. Rd4 Qe1+ 32. Kc2 Bf5+ 33. Kb3 Qe6+ 34. Ka3 Re8 0-1

[Event "BCF-chT3S 1314 (4NCL)"]
[Site "England"]
[Date "2013.11.17"]
[Round "2.9"]
[White "Thompson, Robert"]
[Black "Paul, Nathanael"]
[Result "0-1"]
[WhiteElo "1962"]
[BlackElo "1869"]
[PlyCount "114"]
[EventDate "2013.11.16"]
[EventType "team-swiss"]
[EventRounds "6"]
[EventCountry "ENG"]
[SourceTitle "CBM 157 Extra"]
[Source "ChessBase"]
[SourceDate "2013.12.19"]
[SourceVersion "1"]
[SourceVersionDate "2013.12.19"]
[SourceQuality "1"]
[WhiteTeam "Bristol University"]
[BlackTeam "Shropshire"]
[WhiteTeamCountry "ENG"]
[BlackTeamCountry "ENG"]

1. Nf3 c6 2. g3 d5 3. Bg2 Nf6 4. 0-0 e6 5. d4 Be7 6. Nbd2 0-0 7. c4 b6 8. Qc2 Bb7 9. e4 dxe4 10. Nxe4 Nbd7 11. Rd1 Nxe4 12. Qxe4 Nf6 13. Qe2 Qc7 14. Bf4 Bd6 15. Bxd6 Qxd6 16. Ne5 Qc7 17. b4 Rac8 18. c5 b5 19. a3 Nd5 20. Rd3 a5 21. Qd2 Ra8 22. Rb1 axb4 23. axb4 Ra4 24. g4 f6 25. Bxd5 exd5 26. Nf3 Raa8 27. Nh4 Bc8 28. Rg3 f5 29. h3 fxg4 30. hxg4 Rf4 31. Re1 Qf7 32. Nf5 Re4 33. Nd6 Rxe1+ 34. Qxe1 Qe6 35. Qe5 Bd7 36. Kg2 Rf8 37. Qe3 Qf6 38. g5 Qf4 39. g6 hxg6 40. Rxg6 Qh4 41. Nb7 Rxf2+ 42. Qxf2 Qe4+ 43. Kh2 Qxg6 44. Nd6 Qh5+ 45. Kg1 Qg5+ 46. Kh2 Qf6 47. Qxf6 gxf6 48. Kg3 Kg7 49. Kf4 Kg6 50. Nb7 Kh5 51. Na5 Kh4 52. Nxc6 Bxc6 53. Kf5 Kg3 54. Kxf6 Kf4 55. Ke6 Ke4 56. Kd6 Ba8 57. c6 Kxd4 0-1

[Event "4NCL-ch rapid"]
[Site "Daventry"]
[Date "2013.10.06"]
[Round "3"]
[White "Thompson, Robert"]
[Black "Okike, David"]
[Result "0-1"]
[WhiteElo "1962"]
[BlackElo "2152"]
[PlyCount "102"]
[EventDate "2013.10.06"]
[EventType "swiss (rapid)"]
[EventRounds "7"]
[EventCountry "ENG"]
[SourceTitle "CBM 156 Extra"]
[Source "ChessBase"]
[SourceDate "2013.10.22"]
[SourceVersion "1"]
[SourceVersionDate "2013.10.22"]
[SourceQuality "1"]

1. Nf3 Nf6 2. c4 g6 3. g3 Bg7 4. Bg2 d6 5. d4 0-0 6. 0-0 Nc6 7. Nc3 Bg4 8. e4 Nd7 9. Be3 Nb6 10. b3 a5 11. Rc1 a4 12. c5 dxc5 13. dxc5 Qxd1 14. Rfxd1 Nc8 15. h3 Bxf3 16. Bxf3 axb3 17. axb3 Ra3 18. Nd5 Rxb3 19. Nxc7 Be5 20. Nd5 e6 21. Nb6 Nxb6 22. cxb6 Bxg3 23. Bc5 Rc8 24. fxg3 Rxf3 25. Kg2 Rb3 26. Rd7 Rb2+ 27. Kf1 Ne5 28. Rc7 Rd8 29. Be3 Nf3 30. R7c2 Nd2+ 31. Bxd2 Rxd2 32. Rxd2 Rxd2 33. Rc7 Rd4 34. Rxb7 Rxe4 35. Rc7 Rb4 36. b7 Kg7 37. Kf2 h5 38. Kf3 Kf6 39. Rd7 e5 40. Rc7 Ke6 41. Rc6+ Kd7 42. Rf6 Ke7 43. Rc6 Rxb7 44. Rc5 Kd6 45. Rc3 f5 46. h4 Rb6 47. Rd3+ Ke6 48. Ra3 Kf6 49. Re3 e4+ 50. Kf4 Rb1 51. Ra3 Rf1+ 0-1

[Event "Wch U20 52nd"]
[Site "Kocaeli"]
[Date "2013.09.26"]
[Round "13"]
[White "Thompson, Robert"]
[Black "Mamyrbay, Assad"]
[Result "0-1"]
[WhiteElo "1966"]
[BlackElo "1823"]
[PlyCount "74"]
[EventDate "2013.09.13"]
[EventType "swiss"]
[EventRounds "13"]
[EventCountry "TUR"]
[SourceTitle "CBM 156 Extra"]
[Source "ChessBase"]
[SourceDate "2013.10.22"]
[SourceVersion "1"]
[SourceVersionDate "2013.10.22"]
[SourceQuality "1"]

1. Nf3 g6 2. g3 c5 3. c4 Bg7 4. d4 cxd4 5. Nxd4 Nc6 6. Nb3 Nf6 7. Bg2 0-0 8. Nc3 d6 9. 0-0 Bf5 10. h3 Qd7 11. Kh2 Rfd8 12. Be3 Rac8 13. Nd2 Ne5 14. b3 Neg4+ 15. hxg4 Nxg4+ 16. Kg1 Nxe3 17. fxe3 Bxc3 18. Rc1 Bb2 19. e4 Bh3 20. Rc2 Be5 21. Rf3 Bxg2 22. Kxg2 h5 23. Nf1 Qg4 24. Qd3 h4 25. Qd5 Rf8 26. Qxb7 hxg3 27. Nxg3 e6 28. Rd2 Kg7 29. Rdd3 Bxg3 30. Rxg3 Qxe2+ 31. Kg1 Rh8 32. Rdf3 Qe1+ 33. Kg2 Qh1+ 34. Kf2 Rh2+ 35. Ke3 Qe1+ 36. Kf4 Rh6 37. Rxg6+ Rxg6 0-1

[Event "GBR-ch 100th"]
[Site "Torquay"]
[Date "2013.08.05"]
[Round "7"]
[White "Richardson, Alex"]
[Black "Thompson, Robert"]
[Result "1/2-1/2"]
[WhiteElo "2149"]
[BlackElo "1978"]
[PlyCount "60"]
[EventDate "2013.07.29"]
[EventType "swiss"]
[EventRounds "11"]
[EventCountry "ENG"]
[SourceTitle "CBM 155 Extra"]
[Source "ChessBase"]
[SourceDate "2013.08.26"]
[SourceVersion "1"]
[SourceVersionDate "2013.08.26"]
[SourceQuality "1"]

1. c4 Nf6 2. Nf3 g6 3. g3 Bg7 4. Bg2 0-0 5. 0-0 d6 6. Nc3 Nc6 7. d4 Rb8 8. b3 a6 9. Bb2 b5 10. cxb5 axb5 11. Rc1 Bd7 12. Ne1 Na5 13. Nd3 c6 14. Qd2 Ne8 15. e3 Nc7 16. Rfd1 Na6 17. Ne2 Qb6 18. Bc3 b4 19. Ba1 Rfd8 20. Nb2 c5 21. Nf4 e6 22. Bf1 Bb5 23. h4 Bxf1 24. Kxf1 Qb5+ 25. Qe2 Qb7 26. Kg1 cxd4 27. exd4 d5 28. Na4 Rbc8 29. Nd3 Qb5 30. Qd2 Nb7 1/2-1/2

[Event "Sunningdale e2e4 op U2000 07"]
[Site "Sunningdale"]
[Date "2013.07.06"]
[Round "2"]
[White "Thompson, Robert"]
[Black "Ai, Farshad"]
[Result "1/2-1/2"]
[WhiteElo "1978"]
[BlackElo "1895"]
[PlyCount "88"]
[EventDate "2013.07.05"]
[EventType "swiss"]
[EventRounds "7"]
[EventCountry "ENG"]
[SourceTitle "EXT 2014"]
[Source "ChessBase"]
[SourceDate "2013.11.20"]
[SourceVersion "1"]
[SourceVersionDate "2013.11.20"]
[SourceQuality "1"]

1. Nf3 g6 2. g3 Bg7 3. d4 Nf6 4. Bg2 0-0 5. c4 d5 6. cxd5 Nxd5 7. 0-0 c6 8. h3 h6 9. e4 Nf6 10. Nc3 Nbd7 11. Be3 Nb6 12. b3 Kh7 13. Rc1 Ne8 14. Qd2 f5 15. Rfe1 fxe4 16. Nxe4 Nd5 17. Kh2 Nec7 18. Nc5 Nxe3 19. fxe3 e5 20. dxe5 Qxd2 21. Nxd2 Ne6 22. Nf3 Nxc5 23. Rxc5 Be6 24. Nd4 Rae8 25. Re2 Bc8 26. Nf3 Re7 27. Rd2 Rfe8 28. e4 Bxe5 29. Nxe5 Rxe5 30. Rxe5 Rxe5 31. Rd8 Be6 32. Re8 Kg7 33. Re7+ Kf6 34. Rxb7 a5 35. Rh7 h5 36. Rc7 Rc5 37. e5+ Rxe5 38. Rxc6 Re2 39. a4 Kf7 40. Rc5 Bxb3 41. Rxa5 Ra2 42. Ra7+ Kf8 43. Kg1 Rxa4 44. Rxa4 Bxa4 1/2-1/2

[Event "Sunningdale e2e4 op U2000 07"]
[Site "Sunningdale"]
[Date "2013.07.05"]
[Round "1"]
[White "Hibbitt, Arthur M"]
[Black "Thompson, Robert"]
[Result "0-1"]
[WhiteElo "1824"]
[BlackElo "1978"]
[PlyCount "65"]
[EventDate "2013.07.05"]
[EventType "swiss"]
[EventRounds "7"]
[EventCountry "ENG"]
[SourceTitle "EXT 2014"]
[Source "ChessBase"]
[SourceDate "2013.11.20"]
[SourceVersion "1"]
[SourceVersionDate "2013.11.20"]
[SourceQuality "1"]

1. g3 g6 2. Bg2 Bg7 3. Nf3 Nf6 4. 0-0 0-0 5. c4 d6 6. Nc3 e5 7. e4 Nc6 8. d3 Ne8 9. h4 f5 10. h5 gxh5 11. Bg5 Bf6 12. Bxf6 Nxf6 13. exf5 Bxf5 14. Nh4 Bg6 15. Ne4 Nxe4 16. Bxe4 Bxe4 17. dxe4 Qg5 18. Kg2 Nd4 19. Rh1 Rf4 20. Nf5 Nxf5 21. Rxh5 Rxf2+ 22. Kxf2 Qxg3+ 23. Ke2 Qe3+ 24. Kf1 Ng3+ 25. Kg2 Nxh5 26. Qxh5 Qxe4+ 27. Kh2 Qf4+ 28. Kh1 Rf8 29. Rg1+ Kh8 30. Rg2 Qf5 31. Qh6 Qf1+ 32. Rg1 Qf3+ 33. Rg2 0-1